000 00370cam a22001217a 4500
008 180718b1986 xxu||||| |||| 00| 0 eng d
082 _aF5x5453 C361
245 _aDynamics of state politics: Kerala
_cedited by N. Jose Chander
260 _aNew Delhi
_bSterling
_c1986
300 _a224p.
650 _aKerala (India) --Politics and government
700 _aChander, N. Jose
999 _c342186
_d342186